01785nam a22004097a 4500003000500000005001700005008004100022010001000063011001000073035001100083040000900094090001000103100003300113245017300146260004000319300003600359502007500395590003700470590004100507590004100548590004100589590004200630650002800672650004000700650003200740650003700772650004400809700003600853901000700889911001500896942000900911949006900920949007400989999001701063952015001080952014501230CHAP20220329143330.0080902s2007 mx r 00010 spa d a95093 a96065 a106706 cCHAP aTesis1 aCruz Sarmiento, Mario92959310aConcentración de algunos componentes del perfil metabólico sanguíneo y producción de leche en vacas Holsteinc/por Mario Cruz Sarmiento y Gustavo Pérez Alonso aChapingo, Méx. :bEl autor,c2007 axii, 91 h. :bgráfs., cuadros aTesis (Ing. Agr. Esp. en Zootecnia) -- UACH. Departamento de Zootecnia aALEPHb10c20130110lUCH01h1523 aBATCH-UPDb10c20130110lUCH01h0645 aBATCH-UPDb10c20130410lUCH01h0329 aBATCH-UPDb10c20130914lUCH01h1512 aCONVERSIONb10c20130109lUCH01h135304aGanado Holstein.94513314aGanado lecheroxNutrición.94528114aLechexProducción.96540014aMetabolismo en rumiantes.97515514aSangrexAnálisis y química.91022111 aPérez Alonso, Gustavo.989503 aBK aen proceso cFOLL aTesisbBCcTESd33724002071439eTS1gDonaciØnh47966i106706sb aTesisbBCcTESd33724002071470eTS2fc.2gDonaciØnh47967i106706sb c95093d95093 00102local4053708TESISaBCbBCcPA_TESISd2019-12-31eDonacionfTESISl0oTesisp33724002071470r2019-12-31 00:00:00tc.2w2019-12-31yTESIS 00102local4051708TESISaBCbBCcPA_TESISd2019-12-31eDonacionfTESISl0oTesisp33724002071439r2019-12-31 00:00:00w2019-12-31yTESIS